| 000 | 00844cab a22001935a 4500 | ||
|---|---|---|---|
| 001 | L152326 | ||
| 008 | 110215e20110115xxk 000 0 eng d | ||
| 035 | _a(Sirsi) u152326 | ||
| 041 | 0 | _aeng | |
| 100 | 1 | _aHunter, Michael | |
| 245 | 0 | 0 | _aCrackdown on tax avoidance |
| 260 | _c2011 | ||
| 490 |
_aEstates Gazette _v(1102) 15 January 2011, 72(1) |
||
| 520 | _aDetails of HM Revenue & Customs (HMRC) efforts to crackdown on stamp duty land tax (SDLT) avoidance structures and taking action on poor compliance. Notes that HMRC's general compliance checks are likely to become more stringent with specialists in other areas trained to spot SDLT avoidance. With advice on priority areas for those with a significant number of property transactions. | ||
| 590 | _aKA | ||
| 651 | 4 |
_aUnited Kingdom _y |
|
| 690 | _aPROPERTY TAXATION | ||
| 942 | _n0 | ||
| 999 |
_c82939 _d82939 |
||